Countries that lie on Prime Meridian- Sudden Death - Statistics

General Stats
  • This quiz has been taken 13 times
  • The average score is 4 of 7
Answers on the Grid
Answers color-coded by a green-red scale on the quiz's grid according to % correct below.
United Kingdom
Andorra
Norway
France
Spain
Egypt
Algeria
Morocco
Mali
Equatorial Guinea
Burkina Faso
Ivory Coast
Ghana
Gabon
 
Answer Stats
Answer % Correct
United Kingdom
100%
France
71%
Spain
71%
Algeria
43%
Burkina Faso
43%
Ghana
43%
Mali
43%
No matching quizzes found
Score Distribution
Percent of People with Each Score
Percentile by Number Answered
Your Score History
You have not taken this quiz